La derecha alternativa que agita a Estados Unidos /
Gespeichert in:
| 1. Verfasser: | |
|---|---|
| Format: | Buch |
| Sprache: | Spanish |
| Tags: |
Tag hinzufügen
Keine Tags, Fügen Sie den ersten Tag hinzu!
|
MARC
| LEADER | 00000nam a22000007a 4500 | ||
|---|---|---|---|
| 003 | cru CIDCACS/IIS | ||
| 005 | 20170406104858.0 | ||
| 007 | ta | ||
| 008 | 170406e2017 ag ||||| |||| 00| 0 spa d | ||
| 040 | |c cru CIDCACS/IIS | ||
| 100 | 1 | |9 3993 |a Raim, Laura | |
| 245 | 1 | 3 | |a La derecha alternativa que agita a Estados Unidos / |c Laura Raim |
| 300 | |a páginas 53-71 | ||
| 773 | 0 | |0 19022 |9 587 |a Fundación Friedrich Ebert |d Fundación Friedrich Ebert; Nueva Sociedad |o R19292 |t Nueva Sociedad / | |
| 942 | |2 ddc |c PP | ||
| 999 | |c 19144 |d 19144 | ||
